Earl Cadogan and Cadogan Estates Limited v Michelle Francesco Sportelli and Lara-Lynn Victoria Lamont Sportelli and four other appeals (Record no. 77807)
[ view plain ]
| 000 -LEADER | |
|---|---|
| fixed length control field | 02320cab a22002655A 4500 |
| 001 - CONTROL NUMBER | |
| control field | ##L135153 |
| 008 - FIXED-LENGTH DATA ELEMENTS--GENERAL INFORMATION | |
| fixed length control field | 061002e20060915xxk f v 000 0 eng d |
| 035 ## - SYSTEM CONTROL NUMBER | |
| System control number | (Sirsi) u135153 |
| 041 0# - LANGUAGE CODE | |
| Language code of text/sound track or separate title | eng |
| 245 00 - TITLE STATEMENT | |
| Title | Earl Cadogan and Cadogan Estates Limited v Michelle Francesco Sportelli and Lara-Lynn Victoria Lamont Sportelli and four other appeals |
| 260 ## - PUBLICATION, DISTRIBUTION, ETC. | |
| Date of publication, distribution, etc. | 2006 |
| 520 ## - SUMMARY, ETC. | |
| Summary, etc. | LRA/50/2005, 15 September 2006. Concerns the determination of the correct deferment rate and the proper valuation of any hope value in two collective enfranchisement decisions. Two appeals against decisions of the London LVT were contested. The following matters were disputed: (a) the LVT's determination of a general deferment rate of 6% which excluded any hope value and (b) whether the Leasehold Reform, Housing and Urban Development Act 1993 excluded the hope value in valuing the reversion in a collective enfranchisement and if it was not excluded how the reversion should be valued. "Held": the issues were determined. A general deferment rate of 5% for flats and 4.75% for houses was applicable. On the true construction of Scheds 6 and 13 of the Act no account should be taken of any hope value or any marriage value (unless specifically provided) in valuing the landlord's interest. If these matters had to be taken into account then a lump sum should be applied to the reversion's value prior to the statutory marriage value apportionment relating to the unexpired length of the lease. |
| 590 ## - LOCAL NOTE (RLIN) | |
| Local note | IKA031006, KA |
| 650 24 - SUBJECT ADDED ENTRY--TOPICAL TERM | |
| Topical term or geographic name entry element | EARL CADOGAN AND ANOTHER V SPORTELLI AND ANOTHER |
| 650 24 - SUBJECT ADDED ENTRY--TOPICAL TERM | |
| Topical term or geographic name entry element | ARBIB V EARL CADOGAN |
| 650 24 - SUBJECT ADDED ENTRY--TOPICAL TERM | |
| Topical term or geographic name entry element | R V LANDS TRIBUNAL EX P SINCLAIR GARDENS INVESTMENTS (KENSINGTON ) LTD |
| 650 24 - SUBJECT ADDED ENTRY--TOPICAL TERM | |
| Topical term or geographic name entry element | SHEPHERD V TURNER |
| 650 24 - SUBJECT ADDED ENTRY--TOPICAL TERM | |
| Topical term or geographic name entry element | LEASEHOLD REFORM, HOUSING AND URBAN DEVELOPMENT ACT 1993 SCHED 13 |
| 650 24 - SUBJECT ADDED ENTRY--TOPICAL TERM | |
| Topical term or geographic name entry element | LEASEHOLD REFORM, HOUSING AND URBAN DEVELOPMENT ACT 1993 |
| 650 24 - SUBJECT ADDED ENTRY--TOPICAL TERM | |
| Topical term or geographic name entry element | LEASEHOLD REFORM, HOUSING AND URBAN DEVELOPMENT ACT 1993 SCHED 6 |
| 651 #4 - SUBJECT ADDED ENTRY--GEOGRAPHIC NAME | |
| Geographic name | England and Wales |
| Chronological subdivision | 1543- |
| 690 ## - LOCAL SUBJECT ADDED ENTRY--TOPICAL TERM (OCLC, RLIN) | |
| Topical term or geographic name as entry element | PROPERTY-RESIDENTIAL PROPERTY-LEASEHOLD RESIDENTIAL PROPERTY-RESIDENTIAL LANDLORD AND TENANT-RESIDENTIAL LEASES-RESIDENTIAL LEASEHOLD ENFRANCHISEMENT |
| 856 40 - ELECTRONIC LOCATION AND ACCESS | |
| Uniform Resource Identifier | <a href="https://www.landstribunal.gov.uk/aspx/view.aspx?id=395 ">https://www.landstribunal.gov.uk/aspx/view.aspx?id=395 </a> |
| Public note | View the judgment free of charge at www.landstribunal.gov.uk... |
| 942 ## - ADDED ENTRY ELEMENTS (KOHA) | |
| Suppress in OPAC | 0 |
| Withdrawn status | Lost status | Source of classification or shelving scheme | Damaged status | Not for loan | Home library | Current library | Shelving location | Date acquired | Total Checkouts | Full call number | Barcode | Date last seen | Copy number | Price effective from | Koha item type |
|---|---|---|---|---|---|---|---|---|---|---|---|---|---|---|---|
| Dewey Decimal Classification | Virtual | Virtual | Online | 02/10/2006 | ONLINE PUBLICATION | 135153-2001 | 06/08/2019 | 1 | 06/08/2019 | Law report |